000 00950nac a22003137a 4500
001 BR0703472
003 BR-BrBNA
005 20240105123426.0
008 230509b bl.|||m| |||| 00| 0 por d
040 _aBR-BrBNA
_bpor
_cBiblioteca Nacional de Agricultura
072 _aJ11
090 _a0180 BR0703472
100 1 _aGuarienti, E.M.
100 1 _aDuca, L. de J.A.D.
110 1 _aCentro Nacional de Pesquisa de Trigo, Passo Fundo, RS (Brasil)
245 1 _aDefeitos em grãos de trigo
260 3 _aPasso Fundo, RS (Brasil):
_c1997.
300 _a32 p.
490 _aDocumentos - Centro Nacional de Pesquisa de Trigo (Brazil)
_vno. 34
_xISSN 0101-6644
500 _a14 ref.
650 _aTRIGO
650 _aGRÃO
650 _aDISTÚRBIO VEGETAL
650 _aCOLHEITA
650 _aPRAGA DE PRODUTO ARMAZENADO
650 _aCONTROLE DE QUALIDADE
909 _a202312
_bLúcia Elande
_c55
_dLúcia Elande
942 _2AGRIS
_n0
_cMS
999 _c295389
_d295389